<?xml version="1.0" encoding="UTF-8"?>
<record
    xmlns:xsi="http://www.w3.org/2001/XMLSchema-instance"
    xsi:schemaLocation="http://www.loc.gov/MARC21/slim http://www.loc.gov/standards/marcxml/schema/MARC21slim.xsd"
    xmlns="http://www.loc.gov/MARC21/slim">

  <leader>01893agaaa2200313   4500</leader>
  <controlfield tag="001">4678</controlfield>
  <controlfield tag="003">IT-RoPAU</controlfield>
  <controlfield tag="005">20220918181231.0</controlfield>
  <controlfield tag="007">d cvaizq</controlfield>
  <controlfield tag="008">50131s9999||||xx ||| |     ||   ||und||</controlfield>
  <datafield tag="040" ind1=" " ind2=" ">
    <subfield code="a">IT-RoPAU</subfield>
    <subfield code="c">IT-RoPAU</subfield>
  </datafield>
  <datafield tag="041" ind1=" " ind2=" ">
    <subfield code="a">ITALIANO</subfield>
  </datafield>
  <datafield tag="100" ind1=" " ind2=" ">
    <subfield code="a">Costa Fabrizio</subfield>
    <subfield code="g">Codice regista SPICS: 50379</subfield>
    <subfield code="9">40553</subfield>
  </datafield>
  <datafield tag="130" ind1=" " ind2=" ">
    <subfield code="a">MADRE TERESA</subfield>
    <subfield code="9">40554</subfield>
  </datafield>
  <datafield tag="245" ind1=" " ind2=" ">
    <subfield code="a">MADRE TERESA</subfield>
    <subfield code="c">Prodotto da: Bernabei Luca -- Sceneggiatura: Scardamaglia Francesco Cerofolini Massimo -- Diretto da: Costa Fabrizio</subfield>
    <subfield code="p">MADRE TERESA (Rif. Codice opera principale : H4678)</subfield>
  </datafield>
  <datafield tag="250" ind1=" " ind2=" ">
    <subfield code="a">Edizione Standard</subfield>
  </datafield>
  <datafield tag="260" ind1=" " ind2=" ">
    <subfield code="a">(ITALO - ANGLO - SPA)</subfield>
    <subfield code="b">RAI FICTION - LUX VIDE - RAI TRADE - MTP - EUR / Distribuzione: CANALE5</subfield>
    <subfield code="g">"2003 (1&#xB0; ed.: 2004 ; Ed. Lingua Orig.: n.d.)"</subfield>
  </datafield>
  <datafield tag="300" ind1=" " ind2=" ">
    <subfield code="a">VHS</subfield>
    <subfield code="b">sonoro, col.</subfield>
    <subfield code="c">200 minuti</subfield>
  </datafield>
  <datafield tag="508" ind1=" " ind2=" ">
    <subfield code="a">"Fotografia: Galasso Giovanni; Montaggio: Lucidi Alessandro; Musica: Farley Guy; Sceneggiatura: Scardamaglia Francesco Cerofolini Massimo; Scenografia: Kelly Errol; "</subfield>
  </datafield>
  <datafield tag="511" ind1=" " ind2=" ">
    <subfield code="a">"Hussey Olivia; Somma Sebastiano; Mendl Michael; Rubio Ingrid; Hamilton Emily; Ayesa G"</subfield>
  </datafield>
  <datafield tag="520" ind1=" " ind2=" ">
    <subfield code="a">FILM TV. CALCUTTA 1950. PADRE SERRANO E' STATO INCARICATO DALL'ARCIVESCOVODI CALCUTTA, PERIER, DI DOCUMENTARSI SULL'ATTIVITA' DI UNA STRANA SUORA, MADRE TERESA. DAL SUO RESOCONTO DIPENDE L'APPROVAZIONE DELLA CONGREGAZIONE CHE LA SUORA VUOLE FONDARE. IL PADRE VISITA GLI SLUMS, DOVE MADRE TERESA VIVE E OPERA, PER CONOSCERLA DI PERSONA, RENDERSI CONTO DEL SUO LAVORO, ASCOLTARE LE SUE ESPERIENZE...</subfield>
  </datafield>
  <datafield tag="538" ind1=" " ind2=" ">
    <subfield code="a">PAL, STEREO</subfield>
  </datafield>
  <datafield tag="546" ind1=" " ind2=" ">
    <subfield code="a">ITALIANO</subfield>
  </datafield>
  <datafield tag="650" ind1=" " ind2=" ">
    <subfield code="a">BIOGRAFICO</subfield>
    <subfield code="e">FILMS [VHS]</subfield>
    <subfield code="x">Codice MATERIA SPICS: 9960</subfield>
    <subfield code="9">36736</subfield>
  </datafield>
  <datafield tag="700" ind1=" " ind2=" ">
    <subfield code="a">Costa Fabrizio </subfield>
    <subfield code="e">(regista)</subfield>
    <subfield code="g">Codice regista SPICS: 50379</subfield>
    <subfield code="9">40555</subfield>
  </datafield>
  <datafield tag="700" ind1=" " ind2=" ">
    <subfield code="a">Farley Guy</subfield>
    <subfield code="e">(musica)</subfield>
    <subfield code="g">Codice Musica SPICS: 57741</subfield>
    <subfield code="9">40556</subfield>
  </datafield>
  <datafield tag="700" ind1=" " ind2=" ">
    <subfield code="a">Scardamaglia Francesco </subfield>
    <subfield code="e">(soggetto)</subfield>
    <subfield code="g">Codice Soggetto SPICS: 32801</subfield>
    <subfield code="9">40557</subfield>
  </datafield>
  <datafield tag="942" ind1=" " ind2=" ">
    <subfield code="c">VH</subfield>
    <subfield code="2">ddc</subfield>
  </datafield>
  <datafield tag="999" ind1=" " ind2=" ">
    <subfield code="c">105287</subfield>
    <subfield code="d">105287</subfield>
  </datafield>
  <datafield tag="952" ind1=" " ind2=" ">
    <subfield code="0">0</subfield>
    <subfield code="1">0</subfield>
    <subfield code="4">0</subfield>
    <subfield code="6">H_4678_000000000000000</subfield>
    <subfield code="7">1</subfield>
    <subfield code="a">SPICS</subfield>
    <subfield code="b">SPICS</subfield>
    <subfield code="d">2015-01-31</subfield>
    <subfield code="l">0</subfield>
    <subfield code="o">H4678</subfield>
    <subfield code="r">2015-01-31 00:00:00</subfield>
    <subfield code="w">2015-01-31</subfield>
    <subfield code="y">VH</subfield>
    <subfield code="z">Progr. Ins.: 3114 / N.Vol.:1 / Copie: 1 / Pag.:0 / Copia rara: n.d. / date import: 1.2.2015 / By Epidotti, Trombetti, Vaglietti</subfield>
  </datafield>
</record>
